[Event "Mitropa Cup 22nd"]
[Site "Pula"]
[Date "2003.05.25"]
[Round "9"]
[White "Doettling, Fabian"]
[Black "Ragger, Markus"]
[Result "0-1"]
[WhiteElo "2520"]
[BlackElo "2280"]
[PlyCount "80"]
[EventDate "2003.05.17"]
[EventType "team-tourn"]
[EventRounds "9"]
[EventCountry "CRO"]
[Source "ChessBase"]
[SourceDate "2003.07.09"]

1. d4 Nf6 2. c4 e6 3. Nf3 Bb4+ 4. Nbd2 b6 5. a3 Bxd2+ 6. Qxd2 Bb7 7. g3 d6 8.
Bg2 O-O 9. O-O Nbd7 10. b4 Qe7 11. Bb2 Be4 12. Rfc1 Rfc8 13. Bh3 c6 14. Qc3 Qd8
15. Nd2 Bg6 16. f3 b5 17. c5 Nd5 18. Qb3 Qg5 19. Ne4 Bxe4 20. fxe4 Qe3+ 21.
Qxe3 Nxe3 22. cxd6 Nc4 23. Rxc4 bxc4 24. Rc1 Nb6 25. Bc3 Kf8 26. e5 Ke8 27. Kf2
Kd7 28. e4 a5 29. Ke3 Na4 30. Rf1 Rf8 31. Be1 f6 32. Rf4 fxe5 33. dxe5 g5 34.
Rxf8 Rxf8 35. bxa5 c3 36. a6 Rb8 37. Bf2 Rb2 38. Be1 Nb6 39. Bf1 c2 40. Kd2 Rb1
0-1

[Event "Mitropa Cup 22nd"]
[Site "Pula"]
[Date "2003.05.25"]
[Round "9"]
[White "Fuchs, Georg"]
[Black "Schenk, Andreas"]
[Result "0-1"]
[WhiteElo "2244"]
[BlackElo "2473"]
[PlyCount "75"]
[EventDate "2003.05.17"]
[EventType "team-tourn"]
[EventRounds "9"]
[EventCountry "CRO"]
[Source "ChessBase"]
[SourceDate "2003.07.09"]

1. e4 e6 2. d4 d5 3. exd5 exd5 4. Nf3 Nc6 5. Be3 Bd6 6. a3 Nf6 7. c4 O-O 8. Nc3
dxc4 9. Bxc4 Bf5 10. O-O Ne4 11. Kh1 Qd7 12. Nh4 Nxc3 13. bxc3 Bg4 14. f3 Bh5
15. g4 Be7 16. Ng2 Bg6 17. h4 Na5 18. Ba2 Qb5 19. h5 Bd3 20. a4 Qa6 21. Rf2 h6
22. Nf4 Bh7 23. Qc1 Bh4 24. Rb2 Nc4 25. Bxc4 Qxc4 26. Ng2 Be7 27. g5 hxg5 28.
Bxg5 f6 29. Bf4 Qd5 30. Qe3 Rfe8 31. Rb5 c5 32. dxc5 Bd3 33. Rd1 Qxh5+ 34. Kg1
Bxb5 35. Qe6+ Kf8 36. Rd5 Bxc5+ 37. Rxc5 Qxc5+ 38. Be3 0-1

[Event "Mitropa Cup 22nd"]
[Site "Pula"]
[Date "2003.05.25"]
[Round "9"]
[White "Gallagher, Joseph G"]
[Black "Cvitan, Ognjen"]
[Result "1/2-1/2"]
[WhiteElo "2515"]
[BlackElo "2551"]
[PlyCount "20"]
[EventDate "2003.05.17"]
[EventType "team-tourn"]
[EventRounds "9"]
[EventCountry "CRO"]
[Source "ChessBase"]
[SourceDate "2003.07.09"]

1. e4 c5 2. Nf3 e6 3. d4 cxd4 4. Qxd4 a6 5. Bd3 d5 6. exd5 Qxd5 7. O-O Nd7 8.
Be3 Ngf6 9. c4 Qd6 10. Nc3 Be7 1/2-1/2

[Event "Mitropa Cup 22nd"]
[Site "Pula"]
[Date "2003.05.25"]
[Round "9"]
[White "Gozzoli, Yannick"]
[Black "Likavsky, Tomas"]
[Result "1-0"]
[WhiteElo "2431"]
[BlackElo "2453"]
[PlyCount "79"]
[EventDate "2003.05.17"]
[EventType "team-tourn"]
[EventRounds "9"]
[EventCountry "CRO"]
[Source "ChessBase"]
[SourceDate "2003.07.09"]

1. d4 Nf6 2. c4 e6 3. Nf3 d5 4. Nc3 Nbd7 5. Qc2 dxc4 6. e4 c5 7. d5 exd5 8.
exd5 Nb6 9. Bg5 Be7 10. O-O-O h6 11. Bh4 g5 12. Bg3 Bd6 13. Ne5 O-O 14. h4 Re8
15. hxg5 Bxe5 16. Bxe5 Rxe5 17. gxf6 Qxf6 18. Qd2 Kg7 19. f4 Re8 20. Be2 Bf5
21. g4 Bd3 22. g5 hxg5 23. Bxd3 cxd3 24. Qxd3 Qxf4+ 25. Kb1 Rh8 26. Rhf1 c4 27.
Qe2 Rae8 28. Qg2 Rh2 29. Qg1 Qh4 30. d6 f6 31. d7 Rd8 32. Qc5 Kf7 33. Qc7 Qh7+
34. Ka1 Qh8 35. Ne4 Rh6 36. Nxg5+ Kg6 37. Ne6 Rxd7 38. Rxd7 Nxd7 39. Rg1+ Kf5
40. Qxd7 1-0

[Event "Mitropa Cup 22nd"]
[Site "Pula"]
[Date "2003.05.25"]
[Round "9"]
[White "Kuba, Guenter"]
[Black "Naumann, Alexander"]
[Result "0-1"]
[WhiteElo "2307"]
[BlackElo "2524"]
[PlyCount "167"]
[EventDate "2003.05.17"]
[EventType "team-tourn"]
[EventRounds "9"]
[EventCountry "CRO"]
[Source "ChessBase"]
[SourceDate "2003.07.09"]

1. e4 c6 2. Nf3 d5 3. Nc3 Nf6 4. e5 Ne4 5. Be2 Nxc3 6. bxc3 Bg4 7. h3 Bxf3 8.
Bxf3 e6 9. O-O Be7 10. Rb1 Qc7 11. Be2 Qxe5 12. Rxb7 Qd6 13. Rb3 O-O 14. c4 Qc7
15. Bb2 Nd7 16. Qa1 Bf6 17. Bxf6 Nxf6 18. Qd4 Ne4 19. cxd5 cxd5 20. c4 dxc4 21.
Bxc4 Nxd2 22. Qxd2 Qxc4 23. Rc1 Qe4 24. Rb4 Qe5 25. Rb7 a5 26. Qe3 Qd5 27. Qb3
Qxb3 28. axb3 Rfb8 29. Rcc7 Rxb7 30. Rxb7 g6 31. g3 Kg7 32. Kg2 g5 33. Rb5 Kf6
34. Kf3 a4 35. bxa4 Rxa4 36. Rb2 h5 37. Kg2 Kg6 38. Re2 Rb4 39. Ra2 f5 40. Ra6
Kf6 41. Ra5 h4 42. Ra8 hxg3 43. Kxg3 Rb3+ 44. Kg2 Rd3 45. Rg8 Rd7 46. Kg3 Rb7
47. Kg2 Rc7 48. Kg3 Rd7 49. Kg2 Rd6 50. Kg3 Rd5 51. Kg2 e5 52. Rf8+ Kg6 53.
Rg8+ Kh6 54. Rf8 e4 55. Rg8 Rd2 56. Re8 Kg6 57. Re6+ Kf7 58. Re5 Kf6 59. Re8
Ra2 60. Kg1 Ra5 61. Kg2 Kf7 62. Rb8 f4 63. Rb4 Re5 64. Rb7+ Kf6 65. Rb6+ Kf5
66. Rb8 Rd5 67. Rf8+ Ke5 68. Re8+ Kd4 69. Re7 Kd3 70. Re8 e3 71. Kf3 Kd2 72.
Ra8 Rd3 73. Ra2+ Kc3 74. fxe3 Rxe3+ 75. Kg2 Rg3+ 76. Kh2 Rd3 77. Ra5 Rd2+ 78.
Kg1 Kd4 79. Rxg5 Ke3 80. Ra5 Ke2 81. Re5+ Kf3 82. Kf1 Rd1+ 83. Re1 Rxe1+ 84.
Kxe1 0-1

[Event "Mitropa Cup 22nd"]
[Site "Pula"]
[Date "2003.05.25"]
[Round "9"]
[White "Lenic, Luka"]
[Black "Laznicka, Viktor"]
[Result "0-1"]
[WhiteElo "2399"]
[BlackElo "2438"]
[PlyCount "74"]
[EventDate "2003.05.17"]
[EventType "team-tourn"]
[EventRounds "9"]
[EventCountry "CRO"]
[Source "ChessBase"]
[SourceDate "2003.07.09"]

1. e4 e6 2. d4 d5 3. Nd2 c5 4. Ngf3 cxd4 5. Nxd4 Nc6 6. Bb5 Bd7 7. N4b3 Nf6 8.
exd5 Nxd5 9. O-O Be7 10. Ne4 O-O 11. Nbc5 Be8 12. c4 b6 13. Nxe6 fxe6 14. cxd5
exd5 15. Nc3 d4 16. Ne2 Bc5 17. a3 a5 18. Nf4 Ne5 19. Bxe8 Rxe8 20. Qb3+ Kh8
21. Bd2 a4 22. Qh3 Qf6 23. Rae1 Qf7 24. Bc1 Kg8 25. Re4 Ng6 26. Ne6 Nf8 27. Ng5
Qc4 28. Rg4 Ra7 29. Ne4 Rf7 30. Qh5 g6 31. Qh4 Be7 32. Qg3 Qe2 33. Bd2 Bc5 34.
Nxc5 bxc5 35. Bg5 d3 36. Rf4 Qxf1+ 37. Kxf1 d2 0-1

[Event "Mitropa Cup 22nd"]
[Site "Pula"]
[Date "2003.05.25"]
[Round "9"]
[White "Loetscher, Roland"]
[Black "Sulava, Nenad"]
[Result "1/2-1/2"]
[WhiteElo "2378"]
[BlackElo "2516"]
[PlyCount "117"]
[EventDate "2003.05.17"]
[EventType "team-tourn"]
[EventRounds "9"]
[EventCountry "CRO"]
[Source "ChessBase"]
[SourceDate "2003.07.09"]

1. d4 e6 2. c4 b6 3. Nf3 Bb7 4. g3 Bb4+ 5. Bd2 Bxf3 6. exf3 Bxd2+ 7. Qxd2 Nf6
8. Nc3 O-O 9. Bg2 c6 10. O-O d5 11. b3 Nbd7 12. f4 g6 13. Rfd1 Ne8 14. Rac1 Nd6
15. Qd3 a6 16. Nb1 Qb8 17. Nd2 Rd8 18. Nf3 Qb7 19. Ne5 Nxe5 20. fxe5 Nf5 21.
Qc3 Ne7 22. Rd2 a5 23. a4 Rd7 24. Rcd1 b5 25. axb5 cxb5 26. c5 Nc6 27. Ra1 Rdd8
28. Bf1 Rdb8 29. Rda2 Kg7 30. f4 Qe7 31. Rd2 f6 32. Rf2 Rb7 33. Be2 Rf8 34.
Raf1 fxe5 35. fxe5 Rxf2 36. Rxf2 Qg5 37. Qf3 Qf5 38. Qe3 Qb1+ 39. Rf1 Qe4 40.
Qxe4 dxe4 41. Rd1 a4 42. bxa4 bxa4 43. Kf2 Rb4 44. Ra1 Nxd4 45. Bd1 Nb3 46.
Bxb3 axb3 47. c6 Rc4 48. Rb1 Rxc6 49. Rxb3 Rc2+ 50. Ke3 Rxh2 51. Kxe4 g5 52.
Rb7+ Kg6 53. Re7 Re2+ 54. Kd4 Kf5 55. Rf7+ Kg4 56. Rxh7 Rd2+ 57. Ke4 Ra2 58.
Rd7 Ra4+ 59. Ke3 1/2-1/2

[Event "Mitropa Cup 22nd"]
[Site "Pula"]
[Date "2003.05.25"]
[Round "9"]
[White "Manik, Mikulas"]
[Black "Anic, Darko"]
[Result "1/2-1/2"]
[WhiteElo "2465"]
[BlackElo "2455"]
[PlyCount "21"]
[EventDate "2003.05.17"]
[EventType "team-tourn"]
[EventRounds "9"]
[EventCountry "CRO"]
[Source "ChessBase"]
[SourceDate "2003.07.09"]

1. e4 e5 2. Nf3 Nc6 3. Bb5 Nf6 4. d3 d6 5. c3 Be7 6. O-O O-O 7. Nbd2 Bd7 8. Re1
Qe8 9. Nf1 Kh8 10. Ba4 Ng8 11. Bc2 1/2-1/2

[Event "Mitropa Cup 22nd"]
[Site "Pula"]
[Date "2003.05.25"]
[Round "9"]
[White "Petrik, Tomas"]
[Black "Cornette, Matthieu"]
[Result "1-0"]
[WhiteElo "2387"]
[BlackElo "2325"]
[PlyCount "103"]
[EventDate "2003.05.17"]
[EventType "team-tourn"]
[EventRounds "9"]
[EventCountry "CRO"]
[Source "ChessBase"]
[SourceDate "2003.07.09"]

1. e4 Nf6 2. e5 Nd5 3. d4 d6 4. Nf3 g6 5. Bc4 Nb6 6. Bb3 Bg7 7. Ng5 e6 8. Qf3
Qd7 9. Ne4 dxe5 10. Nf6+ Bxf6 11. Qxf6 Rg8 12. dxe5 Qd4 13. Qf4 Qxf4 14. Bxf4
g5 15. Bg3 Bd7 16. h4 h6 17. Nd2 Bc6 18. hxg5 hxg5 19. Rh2 N8d7 20. O-O-O Nf8
21. Nf1 Ng6 22. Ne3 Nf4 23. Re1 Nd7 24. f3 Ke7 25. Ng4 Nxg2 26. Rxg2 Bxf3 27.
Ne3 Bxg2 28. Nxg2 Rh8 29. Ne3 Rh3 30. Rg1 Rah8 31. Kd2 Nc5 32. Ke2 Rh1 33. Rg2
R1h3 34. Bf2 Rh2 35. Rxh2 Rxh2 36. Ng4 Rxf2+ 37. Kxf2 b5 38. Ke3 a5 39. c3 Nd7
40. Bc2 Nb6 41. Kd4 Nd7 42. b4 axb4 43. cxb4 Nb6 44. Kc5 Nd5 45. Kxb5 Nc3+ 46.
Kc4 Nxa2 47. Bd3 Kd7 48. Bf1 Kc6 49. Kb3 Nxb4 50. Kxb4 Kd5 51. Bg2+ Kd4 52. Bc6
1-0

[Event "Mitropa Cup 22nd"]
[Site "Pula"]
[Date "2003.05.25"]
[Round "9"]
[White "Scalcione, Michelangelo"]
[Black "Erdos, Viktor"]
[Result "1/2-1/2"]
[WhiteElo "2366"]
[BlackElo "2425"]
[PlyCount "59"]
[EventDate "2003.05.17"]
[EventType "team-tourn"]
[EventRounds "9"]
[EventCountry "CRO"]
[Source "ChessBase"]
[SourceDate "2003.07.09"]

1. Nf3 d5 2. d4 Nf6 3. c4 c6 4. Nc3 a6 5. a4 e6 6. Bg5 a5 7. e3 Na6 8. Ne5 Be7
9. Bd3 Nb4 10. Bb1 Nd7 11. Bxe7 Qxe7 12. O-O O-O 13. f4 f5 14. cxd5 cxd5 15.
Ra3 b6 16. Nb5 Nxe5 17. fxe5 Ba6 18. Rc3 Bxb5 19. axb5 Rfc8 20. Qh5 g6 21. Qh6
Rf8 22. Rfc1 Rf7 23. h4 Raf8 24. h5 Rg7 25. hxg6 Rxg6 26. Qh3 Rg7 27. Rc8 Qd7
28. R8c3 Re8 29. Qh5 Rf8 30. Qh6 1/2-1/2

[Event "Mitropa Cup 22nd"]
[Site "Pula"]
[Date "2003.05.25"]
[Round "9"]
[White "Sedina, Elena"]
[Black "Flumbort, Andras"]
[Result "1/2-1/2"]
[WhiteElo "2434"]
[BlackElo "2439"]
[PlyCount "84"]
[EventDate "2003.05.17"]
[EventType "team-tourn"]
[EventRounds "9"]
[EventCountry "CRO"]
[Source "ChessBase"]
[SourceDate "2003.07.09"]

1. e4 c5 2. Nf3 Nc6 3. Bb5 e6 4. O-O Nge7 5. c3 a6 6. Ba4 b5 7. Bc2 Bb7 8. Qe2
d5 9. e5 d4 10. Be4 Nd5 11. cxd4 Nxd4 12. Nxd4 cxd4 13. d3 Qc7 14. Nd2 Qxe5 15.
Nf3 Qc7 16. Nxd4 Be7 17. Bd2 O-O 18. Rac1 Qd6 19. Nb3 Rac8 20. d4 Ba8 21. Nc5
Bf6 22. Be3 g6 23. Rfd1 Rfd8 24. Bf3 Bg7 25. Bg5 Re8 26. Qd2 b4 27. h3 a5 28.
Ne4 Qb6 29. Rc5 Bb7 30. Rdc1 a4 31. Bh6 Rb8 32. Bxg7 Kxg7 33. h4 Qd8 34. h5 Ba8
35. Qc2 b3 36. axb3 Rxb3 37. Qd2 Qb8 38. h6+ Kf8 39. R5c2 Qb4 40. Nc5 Qxd2 41.
Rxd2 Rb4 42. Na6 Rb6 1/2-1/2

[Event "Mitropa Cup 22nd"]
[Site "Pula"]
[Date "2003.05.25"]
[Round "9"]
[White "Simacek, Pavel"]
[Black "Sebenik, Matej"]
[Result "1-0"]
[WhiteElo "2417"]
[BlackElo "2423"]
[PlyCount "57"]
[EventDate "2003.05.17"]
[EventType "team-tourn"]
[EventRounds "9"]
[EventCountry "CRO"]
[Source "ChessBase"]
[SourceDate "2003.07.09"]

1. e4 c5 2. Nf3 e6 3. d4 cxd4 4. Nxd4 Nf6 5. Nc3 Nc6 6. Nxc6 bxc6 7. e5 Nd5 8.
Ne4 Qc7 9. f4 Qb6 10. c4 Ne3 11. Qd3 Nf5 12. g4 Nd4 13. Bg2 h5 14. Kf1 hxg4 15.
Be3 c5 16. b4 Nf5 17. Bxc5 Bxc5 18. bxc5 Qb2 19. Nd6+ Nxd6 20. Rb1 Qxa2 21.
cxd6 Rh3 22. Bxh3 Ba6 23. Rc1 Qb2 24. Qc3 Qxc3 25. Rxc3 gxh3 26. Rxh3 O-O-O 27.
Kf2 Bb7 28. Rb1 Be4 29. Rb2 1-0

[Event "Mitropa Cup 22nd"]
[Site "Pula"]
[Date "2003.05.25"]
[Round "9"]
[White "Tratar, Marko"]
[Black "Neuman, Petr"]
[Result "1/2-1/2"]
[WhiteElo "2464"]
[BlackElo "2445"]
[PlyCount "91"]
[EventDate "2003.05.17"]
[EventType "team-tourn"]
[EventRounds "9"]
[EventCountry "CRO"]
[Source "ChessBase"]
[SourceDate "2003.07.09"]

1. d4 Nf6 2. Nf3 g6 3. c4 Bg7 4. Nc3 O-O 5. e4 d6 6. Be2 e5 7. O-O Na6 8. Re1
c6 9. Bf1 Bg4 10. d5 Nb4 11. Be2 a5 12. Bg5 h6 13. Be3 c5 14. g3 Ne8 15. Nh4
Bd7 16. a3 Na6 17. Bd3 Nac7 18. Rb1 b6 19. Bd2 Rb8 20. Qe2 Kh7 21. Kh1 Rb7 22.
Rf1 Qb8 23. a4 Na6 24. Rbe1 Bh3 25. Rg1 Qd8 26. Nd1 Nb4 27. Bb1 Bc8 28. b3 h5
29. f3 Bh6 30. Bc3 Ng7 31. Ne3 Re7 32. Ref1 Bh3 33. Rf2 Ree8 34. Nhg2 f5 35.
exf5 Nxf5 36. Nxf5 Bxf5 37. Ne3 Bxb1 38. Rxb1 Re7 39. Rbf1 Ref7 40. Nd1 Qd7 41.
Kg2 Qf5 42. Bxb4 axb4 43. Re1 Kg7 44. Qe4 Bg5 45. Nb2 h4 46. Qxf5 1/2-1/2

[Event "Mitropa Cup 22nd"]
[Site "Pula"]
[Date "2003.05.25"]
[Round "9"]
[White "Wirig, Anthony"]
[Black "Tibensky, Robert"]
[Result "1-0"]
[WhiteElo "2347"]
[BlackElo "2438"]
[PlyCount "143"]
[EventDate "2003.05.17"]
[EventType "team-tourn"]
[EventRounds "9"]
[EventCountry "CRO"]
[Source "ChessBase"]
[SourceDate "2003.07.09"]

1. c4 e5 2. g3 Nf6 3. Bg2 d6 4. Nc3 c6 5. e4 Be7 6. Nge2 O-O 7. O-O Be6 8. b3
d5 9. exd5 cxd5 10. d4 exd4 11. Nxd4 Bg4 12. Qd2 Bb4 13. a3 Ne4 14. Bxe4 Bxc3
15. Bxh7+ Kxh7 16. Qxc3 dxc4 17. Qxc4 Qd7 18. Be3 Nc6 19. Nxc6 bxc6 20. Qe4+
Kg8 21. Rac1 Rfc8 22. Rc5 Be6 23. Rh5 f6 24. Rc1 Kf7 25. b4 Bd5 26. Qf5 Qxf5
27. Rxf5 a5 28. bxa5 Rxa5 29. Bb6 Raa8 30. Bc5 Re8 31. h4 Re4 32. Rf4 Rxf4 33.
gxf4 g5 34. fxg5 fxg5 35. hxg5 Rh8 36. f3 Kg6 37. Kf2 Kxg5 38. Ke3 Rh3 39. Rf1
Rh2 40. Ra1 Rc2 41. f4+ Kf5 42. Bd6 Bc4 43. a4 Ba6 44. Be5 Rc4 45. a5 Re4+ 46.
Kf3 Rb4 47. Rc1 Rb3+ 48. Kf2 Bb5 49. Bc7 Rd3 50. Rc5+ Rd5 51. Rc3 Rd7 52. Be5
Ra7 53. Ra3 Ke4 54. Re3+ Kf5 55. Ra3 Ke4 56. Bb8 Ra8 57. Re3+ Kf5 58. Re5+ Kf6
59. Bc7 Ra7 60. Bb6 Rd7 61. Kf3 Rd1 62. Kg4 Rd7 63. Re8 Rd2 64. Rf8+ Ke7 65.
Ra8 Ra2 66. Kf5 Kd6 67. Kf6 Kd5 68. f5 c5 69. Rd8+ Ke4 70. Rc8 c4 71. Rc5 Ba6
72. Ke7 1-0

[Event "Mitropa Cup 22nd"]
[Site "Pula"]
[Date "2003.05.25"]
[Round "9"]
[White "Zelcic, Robert"]
[Black "Zueger, Beat"]
[Result "1-0"]
[WhiteElo "2540"]
[BlackElo "2448"]
[PlyCount "49"]
[EventDate "2003.05.17"]
[EventType "team-tourn"]
[EventRounds "9"]
[EventCountry "CRO"]
[Source "ChessBase"]
[SourceDate "2003.07.09"]

1. e4 e6 2. d4 d5 3. Nc3 Nf6 4. Bg5 dxe4 5. Nxe4 Be7 6. Bxf6 gxf6 7. Nf3 b6 8.
Bc4 Bb7 9. Qe2 c6 10. O-O-O Qc7 11. Rhe1 Nd7 12. Nc3 O-O 13. Kb1 Kh8 14. Nh4
Rg8 15. Qh5 Raf8 16. Bd3 Rg7 17. Nf5 Rg5 18. Qh6 Bb4 19. Ng3 Rg7 20. Nh5 Rfg8
21. Nxg7 Rxg7 22. Re3 f5 23. Rg3 Bf8 24. Qh4 c5 25. d5 1-0

[Event "Mitropa Cup 23th"]
[Site "Zemplinska Sirava"]
[Date "2004.05.29"]
[Round "1.2"]
[White "Brkic, Ante"]
[Black "Kuba, Guenter"]
[Result "1-0"]
[WhiteElo "2427"]
[BlackElo "2339"]
[PlyCount "81"]
[EventDate "2004.05.29"]
[EventType "team-tourn"]
[EventRounds "9"]
[EventCountry "SVK"]
[Source "ChessBase"]
[SourceDate "2004.07.06"]
[WhiteTeam "Croatia"]
[BlackTeam "Austria"]
[WhiteTeamCountry "CRO"]
[BlackTeamCountry "AUT"]

1. e4 e5 2. Nf3 Nc6 3. Bb5 a6 4. Ba4 Nf6 5. O-O Be7 6. Re1 b5 7. Bb3 d6 8. c3
O-O 9. h3 Na5 10. Bc2 c5 11. d4 Nd7 12. b3 cxd4 13. cxd4 Nc6 14. Nc3 exd4 15.
Nd5 Nde5 16. Nxd4 Nxd4 17. Qxd4 Bf6 18. Kh1 Be6 19. Be3 Rc8 20. Rac1 Bxd5 21.
Qxd5 Ng6 22. Bb1 Be5 23. g3 Qd7 24. Kg2 Ne7 25. Qd3 g6 26. Red1 Rxc1 27. Bxc1
Rd8 28. Ba3 Qb7 29. Qe2 b4 30. Bc1 Bg7 31. Qf3 Nc6 32. Bg5 Rd7 33. Be3 Na7 34.
Bd3 Nb5 35. Bxb5 Qxb5 36. Rd5 Qc6 37. Qd1 Rc7 38. Qd3 Bf8 39. Bd4 Qc2 40. Qf3
Re7 41. Qf6 1-0

[Event "Mitropa Cup 23th"]
[Site "Zemplinska Sirava"]
[Date "2004.05.29"]
[Round "1.3"]
[White "Ragger, Markus"]
[Black "Kuljasevic, Davorin"]
[Result "0-1"]
[WhiteElo "2365"]
[BlackElo "2408"]
[PlyCount "114"]
[EventDate "2004.05.29"]
[EventType "team-tourn"]
[EventRounds "9"]
[EventCountry "SVK"]
[Source "ChessBase"]
[SourceDate "2004.07.06"]
[WhiteTeam "Austria"]
[BlackTeam "Croatia"]
[WhiteTeamCountry "AUT"]
[BlackTeamCountry "CRO"]

1. e4 c5 2. c3 e6 3. d4 d5 4. e5 Nc6 5. Nf3 Bd7 6. Be2 Nge7 7. Na3 cxd4 8. cxd4
Nf5 9. Nc2 Qb6 10. O-O Na5 11. g4 Ne7 12. b3 h5 13. h3 hxg4 14. hxg4 Ng6 15.
Bd3 Bb5 16. Bxg6 fxg6 17. Re1 Rc8 18. a4 Ba6 19. b4 Qc6 20. Bg5 Nb3 21. b5 Qxc2
22. Rb1 Qxd1 23. Rexd1 Bxb5 24. axb5 Rc3 25. Kg2 Be7 26. Be3 Kf7 27. Rb2 Na5
28. Bd2 Rb3 29. Ra2 Nc4 30. Rxa7 Rxb5 31. Bg5 Rb2 32. Rd3 Rf8 33. Bc1 Rb1 34.
Bg5 Bxg5 35. Nxg5+ Ke7 36. Ra2 Rb4 37. Kg3 Nb2 38. Rc3 Nc4 39. Rd3 Rb1 40. Kg2
Rb5 41. Kg3 Kd7 42. Rc2 Ra5 43. Rcc3 Ra2 44. Rb3 b6 45. Nh3 Rfa8 46. Nf4 g5 47.
Nh3 R8a3 48. Nxg5 b5 49. Kg2 b4 50. Rf3 Rxb3 51. Rxb3 Rb2 52. Rf3 b3 53. Rf7+
Kc6 54. Nxe6 Rd2 55. Nd8+ Kb5 56. Nb7 b2 57. Nd6+ Kc6 0-1

[Event "Mitropa Cup 23th"]
[Site "Zemplinska Sirava"]
[Date "2004.05.29"]
[Round "1.4"]
[White "Saric, Ante"]
[Black "Pilaj, Herwig"]
[Result "1-0"]
[WhiteElo "2393"]
[BlackElo "2389"]
[PlyCount "81"]
[EventDate "2004.05.29"]
[EventType "team-tourn"]
[EventRounds "9"]
[EventCountry "SVK"]
[Source "ChessBase"]
[SourceDate "2004.07.06"]
[WhiteTeam "Croatia"]
[BlackTeam "Austria"]
[WhiteTeamCountry "CRO"]
[BlackTeamCountry "AUT"]

1. Nf3 Nf6 2. g3 d5 3. Bg2 c6 4. O-O Bg4 5. d4 Nbd7 6. Nbd2 e6 7. Re1 Be7 8. e4
dxe4 9. Nxe4 O-O 10. c3 Qb6 11. Ned2 Nd5 12. Nc4 Qc7 13. Qb3 Rad8 14. Nfe5 Nxe5
15. Nxe5 Bf5 16. Nc4 Rfe8 17. a4 a5 18. Bd2 h6 19. Rad1 Bg4 20. Rc1 Bf5 21. Ne3
Nxe3 22. Bxe3 Rd7 23. Bf3 Bd6 24. Kg2 Rb8 25. Re2 b6 26. Rd2 Bg6 27. Qc4 Rc8
28. b4 axb4 29. cxb4 b5 30. Qb3 bxa4 31. Qxa4 Qb8 32. Rxc6 Rxc6 33. Qxc6 Rd8
34. b5 Rc8 35. Qb7 Bb4 36. Ra2 Qxb7 37. Bxb7 Rb8 38. Ra8 Bd6 39. Bf4 Bxf4 40.
gxf4 Rxa8 41. Bxa8 1-0

[Event "Mitropa Cup 23th"]
[Site "Zemplinska Sirava"]
[Date "2004.05.29"]
[Round "1.2"]
[White "Braun, Arik"]
[Black "Laznicka, Viktor"]
[Result "0-1"]
[WhiteElo "2455"]
[BlackElo "2450"]
[PlyCount "108"]
[EventDate "2004.05.29"]
[EventType "team-tourn"]
[EventRounds "9"]
[EventCountry "SVK"]
[Source "ChessBase"]
[SourceDate "2004.07.06"]
[WhiteTeam "Germany"]
[BlackTeam "Czech Republic"]
[WhiteTeamCountry "GER"]
[BlackTeamCountry "CZE"]

1. d4 Nf6 2. c4 e6 3. Nc3 Bb4 4. e3 c5 5. Bd3 O-O 6. Nf3 d5 7. O-O dxc4 8. Bxc4
Nbd7 9. Qe2 b6 10. Rd1 cxd4 11. exd4 Bb7 12. Bd3 Rc8 13. Nb5 a6 14. a3 Be7 15.
Nc3 b5 16. Bg5 Nb6 17. Rac1 Nbd5 18. Ne4 Rxc1 19. Rxc1 Nxe4 20. Qxe4 g6 21. Bh6
Re8 22. Ne5 Bf8 23. Bxf8 Rxf8 24. g3 Qg5 25. Qe1 Rd8 26. h4 Qe7 27. Qa5 Qd6 28.
Be2 Nb6 29. Nc6 Bxc6 30. Qxb6 Bd5 31. Qxd6 Rxd6 32. f4 Bb3 33. Rc3 Ba2 34. b3
Rxd4 35. Kf2 Rd2 36. Ke3 Rb2 37. Bd1 a5 38. Kd4 Rb1 39. Bc2 Rc1 40. Kd3 Bb1 41.
Bxb1 Rxb1 42. Kd4 b4 43. axb4 axb4 44. Rd3 Rc1 45. Ke5 Kg7 46. Rd4 Rc3 47. Rxb4
Rxg3 48. Rb7 Rh3 49. b4 Rxh4 50. b5 Rh1 51. Kd6 h5 52. b6 h4 53. Ra7 h3 54. b7
Rb1 0-1

[Event "Mitropa Cup 23th"]
[Site "Zemplinska Sirava"]
[Date "2004.05.29"]
[Round "1.4"]
[White "Bindrich, Falko"]
[Black "Sikorova, Olga"]
[Result "1-0"]
[WhiteElo "2253"]
[BlackElo "2275"]
[PlyCount "63"]
[EventDate "2004.05.29"]
[EventType "team-tourn"]
[EventRounds "9"]
[EventCountry "SVK"]
[Source "ChessBase"]
[SourceDate "2004.07.06"]
[WhiteTeam "Germany"]
[BlackTeam "Czech Republic"]
[WhiteTeamCountry "GER"]
[BlackTeamCountry "CZE"]

1. e4 d5 2. exd5 Nf6 3. Nf3 Nxd5 4. d4 Bg4 5. h3 Bh5 6. c4 Nb6 7. Nc3 e6 8. g4
Bg6 9. Ne5 N8d7 10. Nxg6 hxg6 11. Qe2 Bb4 12. Bd2 Qe7 13. Bg2 c6 14. O-O O-O
15. a3 Bxc3 16. Bxc3 Rfe8 17. Rfe1 Qg5 18. a4 a6 19. a5 Nc8 20. d5 Na7 21. dxe6
Rxe6 22. Qd3 Nf8 23. Qd4 Rf6 24. Qb6 Rd6 25. Qxb7 Qd8 26. Re7 Nd7 27. Rae1 Nc5
28. Re8+ Qxe8 29. Rxe8+ Rxe8 30. Qxa7 Rd1+ 31. Kh2 Nd3 32. Qd4 1-0

[Event "Mitropa Cup 23th"]
[Site "Zemplinska Sirava"]
[Date "2004.05.29"]
[Round "1.1"]
[White "Mikhalchishin, Adrian"]
[Black "Maze, Sebastien"]
[Result "1/2-1/2"]
[WhiteElo "2527"]
[BlackElo "2486"]
[PlyCount "37"]
[EventDate "2004.05.29"]
[EventType "team-tourn"]
[EventRounds "9"]
[EventCountry "SVK"]
[Source "ChessBase"]
[SourceDate "2004.07.06"]
[WhiteTeam "Slovenia"]
[BlackTeam "France"]
[WhiteTeamCountry "SLO"]
[BlackTeamCountry "FRA"]

1. d4 Nf6 2. c4 e6 3. Nf3 Bb4+ 4. Nbd2 b6 5. e3 Bb7 6. Bd3 O-O 7. O-O d5 8. a3
Be7 9. b4 c5 10. bxc5 bxc5 11. Rb1 Ba6 12. Bb2 Nbd7 13. Qa4 Bxc4 14. Nxc4 dxc4
15. Qxc4 Rc8 16. Rfc1 cxd4 17. Qxc8 Qxc8 18. Rxc8 Rxc8 19. Bxd4 1/2-1/2

[Event "Mitropa Cup 23th"]
[Site "Zemplinska Sirava"]
[Date "2004.05.29"]
[Round "1.2"]
[White "Guidarelli, Laurent"]
[Black "Borisek, Jure"]
[Result "0-1"]
[WhiteElo "2444"]
[BlackElo "2464"]
[PlyCount "68"]
[EventDate "2004.05.29"]
[EventType "team-tourn"]
[EventRounds "9"]
[EventCountry "SVK"]
[Source "ChessBase"]
[SourceDate "2004.07.06"]
[WhiteTeam "France"]
[BlackTeam "Slovenia"]
[WhiteTeamCountry "FRA"]
[BlackTeamCountry "SLO"]

1. Nf3 Nf6 2. c4 c5 3. Nc3 Nc6 4. g3 g6 5. d4 cxd4 6. Nxd4 d6 7. Bg2 Bd7 8. O-O
Bg7 9. e3 O-O 10. b3 Qa5 11. Bb2 Rfc8 12. Qe2 a6 13. Rfd1 Rab8 14. a3 Qb6 15.
Na4 Qd8 16. Nc3 Na5 17. Qc2 b5 18. cxb5 axb5 19. Rd2 Qb6 20. Qd1 b4 21. Nd5
Nxd5 22. Bxd5 e6 23. Bg2 bxa3 24. Rxa3 d5 25. Qa1 Rc5 26. Bc3 Nc6 27. b4 Rc4
28. Nxc6 Qxc6 29. Bxg7 Rc1+ 30. Rd1 Rxa1 31. Bxa1 Qc2 32. Rad3 Ra8 33. Bd4 Ra2
34. e4 Bb5 0-1

[Event "Mitropa Cup 23th"]
[Site "Zemplinska Sirava"]
[Date "2004.05.29"]
[Round "1.3"]
[White "Lenic, Luka"]
[Black "Libiszewski, Fabien"]
[Result "1/2-1/2"]
[WhiteElo "2374"]
[BlackElo "2441"]
[PlyCount "68"]
[EventDate "2004.05.29"]
[EventType "team-tourn"]
[EventRounds "9"]
[EventCountry "SVK"]
[Source "ChessBase"]
[SourceDate "2004.07.06"]
[WhiteTeam "Slovenia"]
[BlackTeam "France"]
[WhiteTeamCountry "SLO"]
[BlackTeamCountry "FRA"]

1. e4 e6 2. d4 d5 3. Nd2 Nf6 4. e5 Nfd7 5. Bd3 c5 6. c3 Nc6 7. Ne2 cxd4 8. cxd4
f6 9. exf6 Nxf6 10. Nf3 Qc7 11. O-O Bd6 12. Ng3 O-O 13. Re1 e5 14. dxe5 Nxe5
15. Nxe5 Bxe5 16. Qc2 Qxc2 17. Bxc2 Bd4 18. Ne2 Bb6 19. Be3 Bxe3 20. fxe3 Be6
21. Rac1 Rae8 22. Nd4 Rf7 23. Ba4 Bd7 24. Bb3 Rfe7 25. Rc7 Bc6 26. Rxe7 Rxe7
27. h3 Kf8 28. Bc2 Ke8 29. Kf2 Kd8 30. Ke2 Be8 31. Rf1 Bg6 32. Bxg6 hxg6 33.
Rf3 Ke8 34. Rf1 Rc7 1/2-1/2